Pop culture en images - C - Statistiques

Statistiques générales
  • Ce quiz a été pris 466 fois
  • Le résultat moyen est 9 sur 16
Statistiques - réponses
Par images Réponse % Correct
Candy Crush
98%
Casper
96%
Charlotte aux fraises
95%
Catwoman
94%
Chewbacca
89%
Clover
84%
Charlie Bucket
74%
Crash Bandicoot
73%
Crocodile
60%
C18
57%
Conny
45%
Carl Grimes
31%
Chifuyu Matsuno
16%
Crush
16%
Chloe Price
12%
Claire Redfield
10%
Aucun quiz correspondant
Distribution des résultats
% des personnes avec chaque résultat
Percentile par nombre de réponses
Votre historique - résultats
Vous n’avez pas pris ce quiz